Learning Resource and Development

Introduction to data analytics for accounting / (Record no. 26350)

MARC details
000 -LEADER
fixed length control field 01382nam a2200253 i 4500
003 - CONTROL NUMBER IDENTIFIER
control field CSPC
005 - DATE AND TIME OF LATEST TRANSACTION
control field 20231025153507.0
008 - FIXED-LENGTH DATA ELEMENTS--GENERAL INFORMATION
fixed length control field 231020s2021 nyua 001 0 eng
020 ## - INTERNATIONAL STANDARD BOOK NUMBER
International Standard Book Number 9781260590838
040 ## - CATALOGING SOURCE
Original cataloging agency CSPC
Transcribing agency CSPC
Language of cataloging eng
050 00 - LIBRARY OF CONGRESS CALL NUMBER
Classification number HF5679
Item number .R535
082 00 - DEWEY DECIMAL CLASSIFICATION NUMBER
Edition number 23
Classification number 657.0727
Item number R393i
100 1# - MAIN ENTRY--PERSONAL NAME
Personal name Richardson, Veron J.,
Relator term author.
245 10 - TITLE STATEMENT
Title Introduction to data analytics for accounting /
Statement of responsibility, etc. Vernon J. Richardson, Katie L. Terrell, and Ryan A. Teeter.
264 #1 - PRODUCTION, PUBLICATION, DISTRIBUTION, MANUFACTURE, AND COPYRIGHT NOTICE
Place of production, publication, distribution, manufacture New York :
Name of producer, publisher, distributor, manufacturer McGraw Hill,
Date of production, publication, distribution, manufacture, or copyright notice 2021.
300 ## - PHYSICAL DESCRIPTION
Extent xxi, 588 pages ;
Other physical details color illustrations :
Dimensions 26 cm.
500 ## - GENERAL NOTE
General note Includes index.
505 0# - FORMATTED CONTENTS NOTE
Formatted contents note Using data analytics to ask and answer accounting questions -- Master the data: An introduction to accounting data -- Master the data: data types and how they are used -- Master the data: Preparing data for analysis -- Perform the data: Descriptive analytics -- Perform the analysis: Diagnostic analysis -- Perform the analysis: Predictive analytics -- Perform the analysis: Prescriptive analysis -- Share the story.-- Using the AMPS model to put it all together: capstone project.
650 #0 - SUBJECT ADDED ENTRY--TOPICAL TERM
Topical term or geographic name entry element Accounting
General subdivision Data processing
700 1# - ADDED ENTRY--PERSONAL NAME
Personal name Terrell, Katie,
Relator term author.
700 1# - ADDED ENTRY--PERSONAL NAME
Personal name Teeter, Ryan,
Relator term author.
942 ## - ADDED ENTRY ELEMENTS (KOHA)
Source of classification or shelving scheme Dewey Decimal Classification
Koha item type Books
Edition 23
Classification part 657.0727
Call number prefix CIR
Call number suffix 2021
Suppress in OPAC No
Holdings
Withdrawn status Lost status Source of classification or shelving scheme Damaged status Not for loan Home library Current library Shelving location Date acquired Total Checkouts Full call number Barcode Date last seen Copy number Price effective from Koha item type
    Dewey Decimal Classification     Main Library Main Library Circulation Section 10/20/2023   CIR 657.0727 R393i 2021 026113 10/20/2023 1-1 10/20/2023 Books